[Event "BCF-chT2b 1920 (4NCL)"]
[Site "Daventry"]
[Date "2020.02.09"]
[Round "6.71"]
[White "Anilkumar, Anantha PP"]
[Black "Bin Suhayl, Ieysaa"]
[Result "0-1"]
[WhiteElo "1276"]
[BlackElo "2177"]
[PlyCount "68"]
[EventDate "2020.01.11"]
[EventType "team-tourn"]
[EventRounds "11"]
[EventCountry "ENG"]
[SourceTitle "CBM 194 Extra"]
[Source "ChessBase"]
[SourceDate "2020.03.31"]
[SourceVersion "1"]
[SourceVersionDate "2020.03.31"]
[SourceQuality "1"]
[WhiteTeam "KJCA Kings"]
[BlackTeam "Manchester Manticores"]
[WhiteTeamCountry "ENG"]
[BlackTeamCountry "ENG"]

1. c4 Nf6 2. Nc3 c5 3. e3 g6 4. g3 Bg7 5. Bg2 Nc6 6. Nge2 d6 7. a3 0-0 8. Nf4 Bg4 9. f3 Bd7 10. Qe2 a6 11. g4 e5 12. Nfd5 Nxd5 13. cxd5 Ne7 14. e4 f5 15. h3 fxe4 16. Qxe4 b5 17. h4 b4 18. Ne2 Bb5 19. Ng3 Rf4 20. Qc2 Nxd5 21. h5 Rc4 22. Qb1 Nf4 23. Bf1 b3 24. hxg6 hxg6 25. Bd3 Rxc1+ 26. Qxc1 Nxd3+ 27. Kd1 Nxc1 28. Rxc1 e4 29. Nxe4 Bxb2 30. Rb1 Be5 31. Ke1 b2 32. Rh6 Kg7 33. Rh3 Bd3 34. Ng5 Qxg5 0-1

[Event "Birmingham 4NCL op-A 3rd"]
[Site "Birmingham"]
[Date "2015.07.18"]
[Round "2"]
[White "Fegan, Chris"]
[Black "Anilkumar, Anantha PP"]
[Result "1/2-1/2"]
[WhiteElo "2090"]
[BlackElo "1838"]
[PlyCount "144"]
[EventDate "2015.07.17"]
[EventType "swiss"]
[EventRounds "5"]
[EventCountry "ENG"]
[SourceTitle "CBM 167 Extra"]
[Source "ChessBase"]
[SourceDate "2015.09.14"]
[SourceVersion "1"]
[SourceVersionDate "2015.09.14"]
[SourceQuality "1"]

1. e4 c5 2. a3 g6 3. Bc4 Bg7 4. c3 Nc6 5. Nf3 e6 6. d4 d5 7. exd5 exd5 8. Bb5 cxd4 9. 0-0 Nge7 10. Re1 0-0 11. Bg5 Qd6 12. Nxd4 Be6 13. Nxe6 fxe6 14. Qe2 e5 15. Nd2 Rf5 16. Bh4 Raf8 17. Rad1 g5 18. g4 Rf4 19. Bg3 R4f7 20. Ne4 Qh6 21. Nc5 Ng6 22. Rf1 Nf4 23. Bxf4 gxf4 24. f3 Rd8 25. Qg2 a6 26. g5 Qd6 27. Ne4 Qg6 28. Bxc6 Qxc6 29. Rfe1 Rdf8 30. Nf6+ Bxf6 31. gxf6+ Kh8 32. Rxe5 Rxf6 33. Rdxd5 Rg6 34. Rg5 Rfg8 35. Rxg6 Rxg6 36. Rg5 Rxg5 37. Qxg5 Qxf3 38. Qd8+ Kg7 39. Qd4+ Kg6 40. Qf2 Qd1+ 41. Qf1 Qg4+ 42. Qg2 h5 43. Kf2 Qxg2+ 44. Kxg2 Kf5 45. Kf3 b5 46. h4 Ke5 47. b3 a5 48. a4 bxa4 49. bxa4 Kd5 50. Kxf4 Kc4 51. Kg5 Kb3 52. Kxh5 Kxa4 53. Kg4 Kb3 54. h5 a4 55. h6 a3 56. h7 a2 57. h8Q a1Q 58. Qg8+ Kc2 59. Qg6+ Kb3 60. Qb6+ Kc2 61. Qf2+ Kd3 62. Qf5+ Kc4 63. Qe4+ Kb3 64. Qb4+ Kc2 65. c4 Qd4+ 66. Kf5 Qd7+ 67. Ke5 Qc7+ 68. Kd5 Qf7+ 69. Kc5 Qe7+ 70. Kb5 Qb7+ 71. Ka4 Qa6+ 72. Qa5 Qxc4+ 1/2-1/2

[Event "BCF-chT3 1415 (4NCL)"]
[Site "England"]
[Date "2015.05.02"]
[Round "9.239"]
[White "Anilkumar, Anantha PP"]
[Black "Bramson, Mike"]
[Result "0-1"]
[WhiteElo "1334"]
[BlackElo "1847"]
[PlyCount "108"]
[EventDate "2015.03.21"]
[EventType "team-swiss"]
[EventRounds "11"]
[EventCountry "ENG"]
[SourceTitle "EXT 2016"]
[Source "ChessBase"]
[SourceDate "2015.10.08"]
[SourceVersion "1"]
[SourceVersionDate "2015.10.08"]
[SourceQuality "1"]
[WhiteTeam "KJCA Knights"]
[BlackTeam "Bradford DCA Knights II"]
[WhiteTeamCountry "ENG"]
[BlackTeamCountry "ENG"]

1. e4 e5 2. Nf3 Nc6 3. d4 exd4 4. Nxd4 Qh4 5. Nb5 Qxe4+ 6. Be2 Kd8 7. 0-0 Bc5 8. N1c3 Qh4 9. g3 Qe7 10. Nd5 Qf8 11. Nbxc7 Rb8 12. Bf4 d6 13. a3 Be6 14. Nb5 a6 15. b4 Bxd5 16. bxc5 axb5 17. Bxd6 Nge7 18. Bxb8 Nxb8 19. Bf3 Nd7 20. Bxd5 Kc7 21. Rb1 Nxd5 22. Qxd5 Qxc5 23. Qxc5+ Nxc5 24. Rxb5 Kc6 25. Rfb1 Ra8 26. Rb6+ Kd5 27. R1b5 Rxa3 28. c4+ Kxc4 29. Rb4+ Kd5 30. R6b5 Kc6 31. Kg2 Ra2 32. Kf3 f5 33. h3 g6 34. Rb1 g5 35. R5b4 Ra5 36. Rb6+ Kd5 37. Rh6 b5 38. Rb6 Kc4 39. g4 Ra3+ 40. Kg2 fxg4 41. hxg4 Ra8 42. Rh6 b4 43. Rxh7 b3 44. Rf7 Kc3 45. Rg7 Kc2 46. Rh1 b2 47. Rxg5 b1Q 48. Rxb1 Kxb1 49. f4 Kc2 50. f5 Ne4 51. Rg6 Kd3 52. Kf3 Ra2 53. Kf4 Kd4 54. Rh6 Rf2# 0-1

[Event "BCF-chT3S 1314 (4NCL)"]
[Site "England"]
[Date "2013.11.16"]
[Round "1.90"]
[White "Lunn, Timothy"]
[Black "Anilkumar, Anantha PP"]
[Result "1-0"]
[WhiteElo "2053"]
[BlackElo "1353"]
[PlyCount "115"]
[EventDate "2013.11.16"]
[EventType "team-swiss"]
[EventRounds "6"]
[EventCountry "ENG"]
[SourceTitle "CBM 157 Extra"]
[Source "ChessBase"]
[SourceDate "2013.12.19"]
[SourceVersion "1"]
[SourceVersionDate "2013.12.19"]
[SourceQuality "1"]
[WhiteTeam "Anglian Avengers II"]
[BlackTeam "KJCA Knights"]
[WhiteTeamCountry "ENG"]
[BlackTeamCountry "ENG"]

1. d4 Nf6 2. c4 g6 3. Nc3 d5 4. Nf3 Bg7 5. Qa4+ Bd7 6. Qb3 Bc8 7. cxd5 c6 8. dxc6 Nxc6 9. e3 0-0 10. Bd2 Na5 11. Qc2 Be6 12. b3 Rc8 13. Qd3 a6 14. Be2 Qc7 15. 0-0 Rfd8 16. h3 Qb6 17. Rac1 Nc6 18. Rfd1 Nb4 19. Qb1 Nc6 20. Na4 Qa7 21. Nc5 Bf5 22. Qb2 b6 23. Nd3 Ne4 24. Be1 a5 25. Nd2 Ng5 26. Nf1 Rd6 27. Ng3 Bxh3 28. gxh3 Nxh3+ 29. Kg2 Qd7 30. Ne5 Nxe5 31. Rxc8+ Qxc8 32. dxe5 Rc6 33. Qd4 Ng5 34. Qd8+ Bf8 35. Qxc8 Rxc8 36. Bc4 Rc5 37. f4 b5 38. Rd5 Rxd5 39. Bxd5 Ne6 40. Bxe6 fxe6 41. Bxa5 h5 42. Ne4 Kg7 43. a4 bxa4 44. bxa4 h4 45. Bd2 Kh6 46. a5 Kh5 47. Kh3 Bh6 48. a6 g5 49. fxg5 Bxg5 50. Nxg5 Kxg5 51. e4+ Kh5 52. a7 Kg6 53. a8Q Kg7 54. Qe8 Kh7 55. Qf7+ Kh8 56. Kg4 h3 57. Bh6 h2 58. Qg7# 1-0